Historia del nuevo mundo / (Record no. 3980)

MARC details
000 -LEADER
campo de control de longitud fija 01422cam a2200397 a 4500
001 - NÚMERO DE CONTROL
campo de control 36105
005 - FECHA Y HORA DE LA ÚLTIMA TRANSACCIÓN
campo de control 20230404125743.0
008 - DATOS DE LONGITUD FIJA--INFORMACIÓN GENERAL
campo de control de longitud fija 900831s1992 sp a b 001 0dspa
035 ## - NÚMERO DE CONTROL DEL SISTEMA
-- (DLC) 90191070
035 ## - NÚMERO DE CONTROL DEL SISTEMA
Número de control de sistema 3897500
010 ## - NÚMERO DE CONTROL DE LA BIBLIOTECA DEL CONGRESO
Número de control de LC 90191070
020 ## - NÚMERO INTERNACIONAL ESTÁNDAR DEL LIBRO
Número Internacional Estándar del Libro 8420603953
040 ## - FUENTE DE CATALOGACIÓN
Centro catalogador/agencia de origen DLC
Centro/agencia transcriptor DLC
Centro/agencia modificador DLC
041 1# - CÓDIGO DE IDIOMA
Código de lengua del texto/banda sonora o título independiente spa
Código de lengua original ita
043 ## - CÓDIGO DE ÁREA GEOGRÁFICA
Código de área geográfica cl-----
-- e-sp---
050 14 - SIGNATURA TOPOGRÁFICA DE LA BIBLIOTECA DEL CONGRESO
Número de clasificación 000 E 141
Número de ítem B456h 1992
100 1# - ENTRADA PRINCIPAL--NOMBRE DE PERSONA
Nombre de persona Benzoni, Girolamo,
Fechas asociadas al nombre b. 1519.
240 10 - TÍTULO UNIFORME
Título uniforme Historia del mondo nuovo.
Lenguaje de la obra Spanish
245 10 - MENCIÓN DEL TÍTULO
Título Historia del nuevo mundo /
Mención de responsabilidad, etc. Girolamo Benzoni ; introducción y notas de Manuel Carrera Díaz.
260 ## - PUBLICACIÓN, DISTRIBUCIÓN, ETC.
Lugar de publicación, distribución, etc. Santo Domingo :
Nombre del editor, distribuidor, etc. Sociedad Dominicana de Bibliófilos,
Fecha de publicación, distribución, etc. c1992.
300 ## - DESCRIPCIÓN FÍSICA
Extensión 350 p. :
Otras características físicas ill. ;
Dimensiones 19 cm.
490 0# - MENCIÓN DE SERIE
Mención de serie Sección clásicos
490 0# - MENCIÓN DE SERIE
Mención de serie El Libro del bolsillo ;
Designación de volumen o secuencia 1395
500 ## - NOTA GENERAL
Nota general Translation of: Historia del mondo nuovo.
504 ## - NOTA DE BIBLIOGRAFÍA, ETC.
Nota de bibliografía, etc. Includes bibliographical references (p. 53-57) and index.
653 ## - TÉRMINO DE INDIZACIÓN--NO CONTROLADO
Término no controlado Historia moderna - Siglo XVI
653 ## - TÉRMINO DE INDIZACIÓN--NO CONTROLADO
Término no controlado Historiadores - América Latina-Historia
653 ## - TÉRMINO DE INDIZACIÓN--NO CONTROLADO
Término no controlado Caribe (Región) - Historia
651 #0 - PUNTO DE ACCESO ADICIONAL DE MATERIA--NOMBRE GEOGRÁFICO
Nombre geográfico America
Subdivisión general Discovery and exploration
-- Spanish.
651 #0 - PUNTO DE ACCESO ADICIONAL DE MATERIA--NOMBRE GEOGRÁFICO
Nombre geográfico Spain
Subdivisión general Colonies
Subdivisión geográfica America
Subdivisión general Administration.
650 #0 - PUNTO DE ACCESO ADICIONAL DE MATERIA--TÉRMINO DE MATERIA
Término de materia o nombre geográfico como elemento de entrada Indians, Treatment of
Subdivisión geográfica Latin America
Subdivisión general History
Subdivisión cronológica 16th century.
600 10 - PUNTO DE ACCESO ADICIONAL DE MATERIA--NOMBRE DE PERSONA
Nombre de persona Benzoni, Girolamo,
Fechas asociadas al nombre b. 1519
Subdivisión general Travel
Subdivisión geográfica Latin America.
700 2# - ENTRADA AGREGADA--NOMBRE PERSONAL
Nombre de persona Carrera Díaz, Manuel.
942 ## - ELEMENTOS DE ENTRADA SECUNDARIOS (KOHA)
Fuente del sistema de clasificación o colocación Clasificación de Library of Congress
Tipo de ítem Koha
922 ## -
-- ax
Holdings
Estatus retirado Estado de pérdida Fuente del sistema de clasificación o colocación Estado de daño No para préstamo Colección Biblioteca de origen Biblioteca actual Ubicación en estantería Fecha de adquisición Serial enumeration / chronology Total checkouts Signatura topográfica completa Código de barras Visto por última vez Copia número Precio de reemplazo Tipo de ítem Koha
    Clasificación de Library of Congress     Recursos Regionales Biblioteca Juan Bosch Biblioteca Juan Bosch Recursos Regionales (2do. Piso) 04/04/2023 1   000 E 141 B456h 1992 00000031912 23/10/2018 1 23/10/2018